| 000 | 00365nam a2200133Ia 4500 | ||
|---|---|---|---|
| 008 | 240624s9999 xx 000 0 und d | ||
| 041 | _aeng | ||
| 082 | _a020 BAI | ||
| 100 | _aBAILEY D RUSSELL | ||
| 245 | _aTRANSFORMING LIBRARY SERVICE THROUGH INF | ||
| 260 |
_c2009 _aNew Delhi _bIndiana Publishing House |
||
| 300 | _axi, : 155 : p. : cm. ; 28 | ||
| 365 |
_cRS _b20 |
||
| 999 |
_c13179 _d13179 |
||